[Event "34th Chess Olympiad (men)"]
[Site "Istanbul"]
[Date "2000.11.08"]
[Round "11.32.3"]
[White "Hussein, N.A."]
[Black "Phiri, Payani"]
[WhiteElo "2368"]
[BlackElo "2114"]
[WhiteCountry "IRQ"]
[BlackCountry "ZAM"]
[Result "0-1"]

1. e4 c5 2. Ne2 Nc6 3. d3 e6 4. Nd2 d5 5. f4 dxe4 6. dxe4 g6 7. Ng3 Bg7 
8. Nc4 Qxd1+ 9. Kxd1 Nf6 10. Be3 b6 11. Be2 O-O 12. c3 Bb7 13. Kc2 Rad8 
14. Rad1 h5 15. Nd6 Ba8 16. Bf3 e5 17. fxe5 Nxe5 18. Bg5 Rd7 19. Nb5 a6 
20. Rxd7 Nfxd7 21. Nc7 Bb7 22. h4 Nxf3 23. gxf3 Be5 24. Rd1 Nb8 25. Be7 Bxc7 
26. Bxf8 Kxf8 27. Nf1 Ke7 28. Kd3 Bf4 29. Ne3 Ke6 30. a4 Nd7 31. Ng2 Bc7 
32. Ke3 Ne5 33. b3 c4 34. Nf4+ Ke7 35. b4 f6 36. Nh3 Bc6 37. Ra1 Nd3 
38. b5 axb5 39. axb5 Bxb5 40. Ra7 Kd8 41. Ra8+ Ke7 42. Ra7 Kd6 43. Ng1 Bd7 
44. Ne2 b5 45. Nd4 Bb6 46. Rb7 Bc5 47. f4 b4 48. cxb4 Nxb4 49. Kd2 Bxd4 
50. Rxb4 Kc5 51. Rb7 Bc6 
0-1

[Event "34th Chess Olympiad (men)"]
[Site "Istanbul"]
[Date "2000.11.08"]
[Round "11.32.4"]
[White "Mbambara, Tizenge"]
[Black "Araz, Mohammad"]
[WhiteElo "2122"]
[BlackElo "2286"]
[WhiteCountry "ZAM"]
[BlackCountry "IRQ"]
[Result "0-1"]

1. d4 d5 2. Nf3 Nf6 3. c4 dxc4 4. Nc3 a6 5. a4 Nc6 6. e3 Na5 7. Ne5 Be6 
8. Be2 g6 9. Ra3 Bg7 10. O-O O-O 11. e4 Nd7 12. Nf3 c5 13. d5 Bg4 14. Bg5 h6 
15. Bh4 g5 16. Bg3 Bxf3 17. Bxf3 Ne5 18. Be2 Qd7 19. f4 gxf4 20. Bxf4 b5 
21. Bxe5 Bxe5 22. Bg4 Qb7 23. axb5 axb5 24. Ne2 Nb3 25. Rxa8 Rxa8 26. Bh5 Ra1 
27. Bxf7+ Kh7 28. Qc2 Nd4 29. Qd2 Bxh2+ 30. Kf2 Qa6 31. Nxd4 cxd4 32. Qxd4 Bg3+ 
33. Ke2 Rxf1 34. Kxf1 b4 35. Ke2 c3+ 36. Qd3 Qxd3+ 37. Kxd3 cxb2 38. Kc2 Be5 
39. Bh5 Kg7 40. Kb1 Kf6 41. Bg4 Kg5 42. Be6 h5 43. Kc2 Kf4 44. Bf5 h4 
45. Kb1 Kg3 46. Bh3 b3 47. d6 exd6 48. Be6 Kxg2 49. Bh3+ Kf3 50. Bg2+ Ke3 
51. Bf3 h3 52. Bg2 h2 53. Bf3 Bd4 54. Bh1 Kf2 55. e5 dxe5 56. Be4 Kg1 
57. Bh1 Be3 58. Be4 h1=B 
0-1

[Event "34th Chess Olympiad (men)"]
[Site "Istanbul"]
[Date "2000.11.08"]
[Round "11.33.1"]
[White "Zaw, Win"]
[Black "Martin, Benjamin"]
[WhiteElo "2578"]
[BlackElo "2377"]
[WhiteCountry "MYA"]
[BlackCountry "NZL"]
[Result "1-0"]

1. e4 e6 2. d4 d5 3. Nd2 Nf6 4. Bd3 c5 5. e5 Nfd7 6. c3 Nc6 7. Ne2 Qb6 
8. Nf3 cxd4 9. cxd4 f6 10. exf6 Nxf6 11. O-O Bd6 12. Nc3 O-O 13. Be3 Bd7 
14. Re1 Be8 15. h3 Ne7 16. Qc2 Bb4 17. Bd2 h6 18. a3 Bxc3 19. Bxc3 Rc8 
20. Qe2 Bf7 21. Ne5 Nc6 22. Nxf7 Rxf7 23. Qxe6 Re8 24. Qd6 Rd8 25. Qc5 Qc7 
26. Bg6 Rff8 27. Bd2 Qd7 28. Be3 Ne7 29. Bd3 Nf5 30. Qxa7 Nxe3 31. Rxe3 Qf7 
32. Rf3 Qd7 33. Qc5 Nh5 34. Rxf8+ Rxf8 35. Bh7+ 
1-0

[Event "34th Chess Olympiad (men)"]
[Site "Istanbul"]
[Date "2000.11.08"]
[Round "11.33.2"]
[White "Smith, Robert W"]
[Black "Aung, Aung"]
[WhiteElo "2270"]
[BlackElo "2520"]
[WhiteCountry "NZL"]
[BlackCountry "MYA"]
[Result "1/2-1/2"]

1. e4 c5 2. d3 e6 3. g3 d5 4. Nd2 Nc6 5. Bg2 Nf6 6. Ngf3 Be7 7. O-O b6 
8. Re1 Bb7 9. c3 Qc7 10. Qe2 h6 11. a3 a5 12. exd5 Nxd5 13. Nc4 O-O 14. a4 Rad8 
15. Bd2 Bf6 16. h4 Rfe8 17. Nh2 Be7 18. Ng4 Bf8 19. Bxh6 f5 20. Bg5 fxg4 
21. Qxg4 Qf7 22. Bxd8 Nxd8 23. Ne5 Qe7 24. Qg6 Nf6 25. Bxb7 Nxb7 26. g4 Nd6 
27. c4 Nd7 28. Nxd7 Qxd7 29. Re5 Qf7 30. Qxf7+ Kxf7 31. Rae1 Nb7 32. Kg2 Nd8 
33. f4 Bd6 34. R5e4 Nc6 35. h5 Re7 36. R1e3 Nd4 37. Rh3 Kg8 38. h6 g6 
39. Rh1 Kh7 40. g5 Rf7 41. Rf1 Rf5 42. Kh3 Rf8 43. Kg4 Kg8 44. Rh1 Kf7 
45. Rhe1 Re8 46. Rh1 Rh8 47. Rhe1 Re8 48. Rh1 Rh8 
1/2-1/2

[Event "34th Chess Olympiad (men)"]
[Site "Istanbul"]
[Date "2000.11.08"]
[Round "11.33.3"]
[White "Htun, Lynn Kyaw"]
[Black "Green, Peter"]
[WhiteElo "2475"]
[BlackElo "2239"]
[WhiteCountry "MYA"]
[BlackCountry "NZL"]
[Result "1/2-1/2"]

1. e4 e5 2. Nf3 Nc6 3. d4 exd4 4. Nxd4 Nf6 5. Nc3 Bb4 6. Nxc6 bxc6 7. Bd3 d5 
8. exd5 cxd5 9. O-O O-O 10. Bg5 c6 11. Qf3 Be7 12. Rfe1 Be6 13. Bf5 Bxf5 
14. Qxf5 Bb4 15. Bxf6 Qxf6 16. Qxf6 gxf6 17. Re3 Rfe8 18. Rae1 Kf8 
19. Rxe8+ Rxe8 20. Rxe8+ Kxe8 21. Nd1 Kd7 22. Kf1 Ke6 23. Ke2 Bd6 24. h3 Be5 
25. Kd3 Bc7 26. c4 Bb6 27. b4 dxc4+ 28. Kxc4 Ke5 29. a4 a6 30. Nb2 Ke4 
31. Nd3 a5 32. bxa5 Bxa5 33. Nc5+ Kf5 34. Nb3 Bb6 35. a5 Bxf2 36. a6 Bb6 
37. Nd4+ Kf4 38. Nxc6 Kg3 39. Kb5 Bg1 40. Nb4 Kxg2 41. Nd5 Ba7 42. Ne7 Kxh3 
43. Kc6 f5 44. Kb7 Bg1 45. Nd5 Bd4 46. Nb6 f4 47. a7 f3 48. a8=Q f2 49. Qa6 Kg2 
50. Qe2 Kg1 51. Qg4+ Kh2 52. Qf3 Kg1 53. Qg3+ Kh1 54. Qd3 Kg2 55. Qe4+ Kh2 
56. Qf5 Kg1 57. Qg5+ Kh2 58. Qf4+ Kg2 59. Qe4+ Kh2 60. Qb1 Kg2 61. Qc2 Kg1 
1/2-1/2

[Event "34th Chess Olympiad (men)"]
[Site "Istanbul"]
[Date "2000.11.08"]
[Round "11.33.4"]
[White "Wastney, Scott"]
[Black "Wynn, Zaw Htun"]
[WhiteElo "2219"]
[BlackElo "2434"]
[WhiteCountry "NZL"]
[BlackCountry "MYA"]
[Result "0-1"]

1. Nf3 Nf6 2. c4 d6 3. d4 g6 4. Nc3 Bg7 5. g3 O-O 6. Bg2 Nbd7 7. O-O e5 
8. h3 c6 9. e4 Qb6 10. Re1 exd4 11. Nxd4 Ng4 12. Qxg4 Bxd4 13. Qe2 Ne5 
14. Bh6 Be6 15. Na4 Qa6 16. Qd1 Qxc4 17. Bf1 Qb4 18. Kg2 b5 19. Nc3 Rfe8 
20. Rc1 Bc5 21. Qc2 Bc4 22. Rcd1 Bxf1+ 23. Rxf1 a5 24. a3 Qc4 25. f4 Nd7 
26. b3 Qe6 27. e5 d5 28. Rfe1 Bxa3 29. Ne2 c5 30. Qd3 d4 31. Qxb5 Reb8 
32. Qd3 Qd5+ 33. Kh2 Rxb3 
0-1

[Event "34th Chess Olympiad (men)"]
[Site "Istanbul"]
[Date "2000.11.08"]
[Round "11.34.1"]
[White "Leyva, Hector"]
[Black "Wong, Meng-Kong"]
[WhiteElo "2409"]
[BlackElo "2507"]
[WhiteCountry "ESA"]
[BlackCountry "SIN"]
[Result "0-1"]

1. d4 d5 2. c4 e6 3. Nc3 Be7 4. Nf3 Nf6 5. Bg5 h6 6. Bh4 O-O 7. e3 b6 
8. Be2 Bb7 9. Bxf6 Bxf6 10. cxd5 exd5 11. b4 c6 12. O-O Qe7 13. Rb1 Rd8 
14. Re1 Nd7 15. a4 Nf8 16. Bd3 Ne6 17. Qb3 Rab8 18. a5 bxa5 19. bxa5 c5 
20. Qa2 Nc7 21. Rec1 cxd4 22. exd4 Bc6 23. Nd1 Rxb1 24. Qxb1 Be8 25. Ne3 Ne6 
26. Qb2 g6 27. Ng4 Bg7 28. Nge5 Qd6 29. Rb1 Qc7 30. a6 Qa5 31. g3 Kh7 
32. Ra1 Qc7 33. Rc1 Qb8 34. Qc3 Rd6 35. Rb1 Rb6 36. Rxb6 Qxb6 37. Qc8 Qd8 
38. Qb7 Nxd4 39. Bxg6+ fxg6 40. Nxd4 Qd6 41. Nd3 Qf6 42. Ne2 Bc6 43. Qxa7 Qa1+ 
44. Nec1 Bb5 45. Kg2 Bxa6 46. Qe7 Bc4 47. Qe3 Qf6 48. Qd2 Qf5 49. h4 d4 
50. Qe2 Bd5+ 51. f3 g5 52. hxg5 hxg5 53. Ne1 g4 54. Qd3 gxf3+ 55. Nxf3 Be4 
56. Qf1 Bh6 57. Ne2 Be3 58. Nexd4 Bxd4 59. Qd1 Bc5 60. Qf1 Kg6 61. Qd1 Bd5 
62. Qf1 Qe4 63. Qd1 Kf5 64. Kh3 Qxf3 65. Qc2+ Kg5 
0-1

[Event "34th Chess Olympiad (men)"]
[Site "Istanbul"]
[Date "2000.11.08"]
[Round "11.34.2"]
[White "Hsu, Li Yang"]
[Black "Arias, Lemnys"]
[WhiteElo "2440"]
[BlackElo "2000"]
[WhiteCountry "SIN"]
[BlackCountry "ESA"]
[Result "1/2-1/2"]

1. d4 Nf6 2. c4 g6 3. g3 Bg7 4. Bg2 O-O 5. Nf3 d6 6. O-O Nc6 7. Nc3 e5 
8. d5 Ne7 9. c5 Bg4 10. cxd6 cxd6 11. h3 Bd7 12. Qb3 Qb6 13. e4 Rfc8 
14. Be3 Qa5 15. a4 Ne8 16. Qxb7 Qd8 17. Qa6 Rcb8 18. Rab1 Rb4 19. b3 Bc8 
20. Qd3 a5 21. Nb5 f5 22. Ng5 Ba6 23. Bd2 Rd4 24. Qe3 Bxb5 25. axb5 Bh6 
26. f4 Bxg5 27. fxg5 fxe4 28. Qf2 Ng7 29. g4 Kh8 30. b6 Nxd5 31. b7 Rb8 
32. Bxa5 Qg8 33. Rbd1 Rxd1 34. Rxd1 Rxb7 35. Bxe4 Rb5 36. Bxd5 Rxd5 
37. Rxd5 Qxd5 38. Qf8+ Qg8 39. Qxd6 Qxb3 40. Qxe5 Kg8 41. Bc3 Qf7 42. Kg2 Qd7 
43. Kf2 Qf7+ 44. Kg3 Qf8 45. Kg2 Qf7 46. Qd4 Qb7+ 47. Kf2 Qe7 48. h4 Qf8+ 
49. Ke1 Qf7 50. h5 gxh5 51. gxh5 Qe7+ 52. Kd1 Qxg5 
1/2-1/2

[Event "34th Chess Olympiad (men)"]
[Site "Istanbul"]
[Date "2000.11.08"]
[Round "11.34.3"]
[White "Segura, Javier"]
[Black "Ong, Chong-Ghee"]
[WhiteElo "2000"]
[BlackElo "2342"]
[WhiteCountry "ESA"]
[BlackCountry "SIN"]
[Result "0-1"]

1. e4 Nc6 2. d4 e5 3. d5 Nce7 4. Nf3 Ng6 5. Be3 Nf6 6. Nbd2 Ng4 7. Bg5 Be7 
8. Bxe7 Qxe7 9. Nc4 d6 10. Qd2 O-O 11. h3 Nf6 12. Bd3 c6 13. dxc6 bxc6 
14. Nh2 d5 15. exd5 cxd5 16. Ne3 Rb8 17. b3 d4 18. Nc4 e4 19. Be2 e3 
20. Qxd4 exf2+ 21. Qxf2 Re8 22. Nf3 Ba6 23. Nd4 Bxc4 24. bxc4 Qb4+ 25. Kf1 Qc3 
26. Rd1 Ne4 27. Qe1 Ng3+ 28. Kg1 Qe3+ 
0-1

[Event "34th Chess Olympiad (men)"]
[Site "Istanbul"]
[Date "2000.11.08"]
[Round "11.34.4"]
[White "Leong, Chee"]
[Black "Ricando, Chavez"]
[WhiteElo "2000"]
[BlackElo "2111"]
[WhiteCountry "SIN"]
[BlackCountry "ESA"]
[Result "0-1"]

1. c4 d6 2. Nc3 g6 3. g3 Bg7 4. Bg2 e5 5. e3 f5 6. Nge2 Nf6 7. O-O O-O 
8. Rb1 c6 9. d4 e4 10. b4 d5 11. c5 g5 12. a4 Na6 13. Bh3 f4 14. Bxc8 Qxc8 
15. f3 Qh3 16. Kh1 exf3 17. Rxf3 Ng4 18. Qg1 fxe3 19. Qg2 Qh5 20. Rxf8+ Rxf8 
21. h4 Rf2 22. Qg1 Nh2 23. g4 Qxh4 24. Qg3 Nf3+ 25. Qxh4 gxh4 
0-1

[Event "34th Chess Olympiad (men)"]
[Site "Istanbul"]
[Date "2000.11.08"]
[Round "11.35.1"]
[White "Danner, Georg"]
[Black "Al-Modiahki, Mohamad"]
[WhiteElo "2437"]
[BlackElo "2499"]
[WhiteCountry "AUT"]
[BlackCountry "QAT"]
[Result "1/2-1/2"]

1. d4 d5 2. Nf3 c5 3. c3 cxd4 4. cxd4 Nf6 5. Nc3 g6 6. Bf4 Nc6 7. e3 Bg7 8. Bb5
O-O 9. O-O Bd7 10. Rc1 a6 11. Bxc6 Bxc6 12. Ne5 Rc8 13. Qb3 Nd7 14. Nxc6 bxc6
15. Qb7 e5 16. Bxe5 Nxe5 17. dxe5 Bxe5 18. Qxa6 Qd6 19. g3 Ra8 20. Qe2 Bxc3 21.
bxc3 Ra4 22. Rfd1 Rfa8 23. Rc2 Qe6 24. Rdd2 Qf5 25. Kg2 h5 26. h4 Qe4+ 27. Qf3
Qe6 28. Rb2 Rc4 29. Rb3 Rca4 30. Rbb2 Rc4 31. Rb3 1/2-1/2

[Event "34th Chess Olympiad (men)"]
[Site "Istanbul"]
[Date "2000.11.08"]
[Round "11.35.2"]
[White "Al-Sayed, Mohammed"]
[Black "Weiss, Christian"]
[WhiteElo "2370"]
[BlackElo "2386"]
[WhiteCountry "QAT"]
[BlackCountry "AUT"]
[Result "0-1"]

1. e4 c6 2. d4 d5 3. Nd2 g6 4. Ngf3 Bg7 5. Bd3 dxe4 6. Nxe4 Nh6 7. Qe2 O-O 8.
h4 Bg4 9. h5 Nf5 10. hxg6 hxg6 11. c3 Nd7 12. Bg5 Qa5 13. Qd2 Bxf3 14. gxf3 c5
15. Nxc5 Nxc5 16. Bxf5 Nb3 17. Qf4 Nxd4 18. Be4 Ne6 19. Qh4 Nxg5 20. O-O-O Rfd8
21. Rdg1 Nxe4 0-1

[Event "34th Chess Olympiad (men)"]
[Site "Istanbul"]
[Date "2000.11.08"]
[Round "11.35.3"]
[White "Miniboeck, Guenter"]
[Black "Abdulgha Four, Yousef"]
[WhiteElo "2413"]
[BlackElo "2052"]
[WhiteCountry "AUT"]
[BlackCountry "QAT"]
[Result "1-0"]

1. d4 d5 2. c4 e6 3. Nc3 Be7 4. cxd5 exd5 5. Bf4 c6 6. e3 Bf5 7. g4 Be6 8. h4
Bd6 9. Nh3 Ne7 10. h5 h6 11. Rc1 Qd7 12. Be2 Bxf4 13. Nxf4 Qd6 14. Rg1 Nd7 15.
Qd2 Nf6 16. g5 hxg5 17. Rxg5 g6 18. hxg6 Rh1+ 19. Bf1 Nxg6 20. Nxe6 Qxe6 21.
Qe2 O-O-O 22. Kd2 Kb8 23. Qf3 Rdh8 24. Bd3 Rxc1 25. Kxc1 Ne7 26. Qf4+ Ka8 27.
Bf5 Nxf5 28. Rxf5 Ne4 29. Rxf7 Rh1+ 30. Kc2 a6 31. Rf8+ Ka7 32. Qb8+ Kb6 33.
Qd8+ Ka7 34. Qa8+ Kb6 35. Qd8+ Ka7 36. Qb8+ Kb6 37. Na4+ Ka5 38. Qc7+ Kxa4 39.
b3+ Kb5 40. Qxb7+ Ka5 41. Qc7+ 1-0

[Event "34th Chess Olympiad (men)"]
[Site "Istanbul"]
[Date "2000.11.08"]
[Round "11.35.4"]
[White "Nezad, Husein Aziz"]
[Black "Neubauer, Martin"]
[WhiteElo "2066"]
[BlackElo "2369"]
[WhiteCountry "QAT"]
[BlackCountry "AUT"]
[Result "1-0"]

1. e4 Nf6 2. e5 Nd5 3. d4 d6 4. c4 Nb6 5. exd6 exd6 6. Be3 Be7 7. Nf3 O-O 8.
Bd3 Nc6 9. O-O Nb4 10. Be2 Bf5 11. Na3 c6 12. Qb3 a5 13. Rac1 Nd7 14. Nb1 d5
15. c5 b5 16. cxb6 a4 17. Qd1 Nxa2 18. Rxc6 Nxb6 19. Bf4 Rc8 20. Bb5 Nb4 21.
Rxc8 Qxc8 22. Re1 Be4 23. Nbd2 Qf5 24. Bc7 Nc4 25. Bxc4 Rc8 26. Bg3 Nc2 27.
Rxe4 dxe4 28. Qxc2 h6 29. Ne5 Bb4 30. Qxe4 1-0

[Event "34th Chess Olympiad (men)"]
[Site "Istanbul"]
[Date "2000.11.08"]
[Round "11.36.1"]
[White "Dutreeuw, Marc"]
[Black "Moussa, Othman"]
[WhiteElo "2402"]
[BlackElo "2375"]
[WhiteCountry "BEL"]
[BlackCountry "UAE"]
[Result "1/2-1/2"]

1. e4 d6 2. d4 Nf6 3. Nc3 g6 4. Be3 c6 5. h3 b5 6. e5 dxe5 7. dxe5 Nfd7 
8. f4 Bg7 9. Nf3 O-O 10. Bd3 f6 11. exf6 exf6 12. O-O Re8 13. Bf2 Nb6 
14. f5 Bxf5 15. Bxf5 gxf5 16. Qxd8 Rxd8 17. Rad1 Na6 18. Nd4 b4 19. Nxc6 Re8 
20. Nb5 Nc4 21. Nd6 Re6 22. Nxc4 Rxc6 23. b3 Nc5 24. Be1 Rb8 25. Rxf5 Bf8 
26. Rd4 Re6 27. Rg4+ Kh8 28. Bh4 Be7 29. Rd5 Re2 30. Kf1 Re6 31. Bf2 Ne4 
32. Bd4 h6 33. Rh5 Kh7 34. Be3 Ng5 35. Rd4 Kg6 36. Rhh4 f5 37. Rd7 Re8 
38. Rf4 Ne4 39. Rf3 Bh4 40. g4 fxg4 41. hxg4 Ng5 42. Bd4 Re1+ 43. Kg2 R8e2+ 
44. Rf2 h5 45. Rd6+ Kh7 46. Rd7+ Kg6 47. Rd6+ Kh7 48. Rd7+ Kg6 
1/2-1/2

[Event "34th Chess Olympiad (men)"]
[Site "Istanbul"]
[Date "2000.11.08"]
[Round "11.36.2"]
[White "Saleh, Jasim"]
[Black "Cekro, Ekrem"]
[WhiteElo "2356"]
[BlackElo "2390"]
[WhiteCountry "UAE"]
[BlackCountry "BEL"]
[Result "1/2-1/2"]

1. e4 g6 2. d4 c6 3. Nc3 Bg7 4. Be3 d6 5. Qd2 b5 6. Bd3 Nd7 7. Nf3 Nb6 
8. b3 Bg4 9. Ne2 e5 10. dxe5 dxe5 11. Qc3 Ne7 12. Rd1 Bxf3 13. gxf3 Nd7 
14. Ng3 O-O 15. h4 f5 
1/2-1/2

[Event "34th Chess Olympiad (men)"]
[Site "Istanbul"]
[Date "2000.11.08"]
[Round "11.36.3"]
[White "Van Der Stricht, Geert"]
[Black "Abdullah, Mansour"]
[WhiteElo "2369"]
[BlackElo "2290"]
[WhiteCountry "BEL"]
[BlackCountry "UAE"]
[Result "1-0"]

1. d4 Nf6 2. c4 g6 3. Nc3 d5 4. Nf3 Bg7 5. Qb3 dxc4 6. Qxc4 O-O 7. e4 Nc6 
8. Be2 Bg4 9. d5 Na5 10. Qb4 Bxf3 11. Bxf3 c6 12. Be3 b6 13. Rd1 c5 14. Qa4 Qd7 
15. Qc2 Nc4 16. Bc1 e5 17. Be2 Nd6 18. f4 Qe7 19. f5 Nfe8 20. O-O Bf6 
21. Bh6 Bg7 22. Qc1 Rd8 23. Rd3 f6 24. fxg6 hxg6 25. Rg3 g5 26. Bxg7 Nxg7 
27. a4 Qe8 28. Qe3 Qe7 29. Bg4 Rb8 30. h4 Nf7 31. Rgf3 Nh6 32. Be6+ Nxe6 
33. dxe6 Ng4 34. Qe2 gxh4 35. Rh3 Nh6 36. Rxh4 Kg7 37. Qe3 Rh8 38. Qg3+ 
1-0

[Event "34th Chess Olympiad (men)"]
[Site "Istanbul"]
[Date "2000.11.08"]
[Round "11.36.4"]
[White "Moussa, Taleb"]
[Black "Geenen, Marc"]
[WhiteElo "2389"]
[BlackElo "2346"]
[WhiteCountry "UAE"]
[BlackCountry "BEL"]
[Result "1-0"]

1. d4 d5 2. Nf3 c5 3. c3 cxd4 4. cxd4 Nc6 5. Nc3 Nf6 6. Bf4 a6 7. e3 Bg4 
8. Be2 e6 9. Qb3 Na5 10. Qa4+ Nd7 11. Rc1 Rc8 12. O-O Nc4 13. Ne5 Ncb6 
14. Qb3 Nxe5 15. Bxe5 Bxe2 16. Nxe2 f6 17. Bg3 Rxc1 18. Rxc1 Bd6 19. Nf4 Kf7 
20. a4 a5 21. Qb5 h5 22. Nd3 Bxg3 23. hxg3 h4 24. gxh4 Rxh4 25. b3 Qh8 
26. Kf1 Qh5 27. Ke1 Rh1+ 28. Kd2 Rxc1 29. Nxc1 Nc8 30. Qxb7+ Ne7 31. Qc7 Qh1 
32. Qxa5 Qxg2 33. Nd3 Nf5 34. Qc7+ Ke8 35. Qc8+ Ke7 36. Qxe6+ Kxe6 37. Nf4+ Kd7 
38. Nxg2 Nd6 39. f3 g5 40. Ne1 Ke6 41. Nd3 
1-0

[Event "34th Chess Olympiad (men)"]
[Site "Istanbul"]
[Date "2000.11.08"]
[Round "11.37.1"]
[White "Gonzalez, Bernal"]
[Black "Garcia, Raul"]
[WhiteElo "2428"]
[BlackElo "2318"]
[WhiteCountry "CRC"]
[BlackCountry "AND"]
[Result "1-0"]

1. e4 c5 2. Nc3 e6 3. Nge2 a6 4. g3 b5 5. Bg2 Bb7 6. a3 Nf6 7. d3 d5 
8. exd5 Nxd5 9. O-O Be7 10. Nxd5 Bxd5 11. Bxd5 Qxd5 12. Nf4 Qc6 13. Qg4 g6 
14. Re1 Ra7 15. b3 Bf6 16. Nxe6 Re7 17. Bg5 Bxa1 18. Nc7+ Kd8 19. Rxe7 f6 
20. Re6 Qd7 21. Bf4 Be5 22. Bxe5 fxe5 23. Qg5+ Kc8 24. Qxe5 Rd8 25. Nxa6 Nxa6 
26. Rxa6 Kb7 27. Re6 
1-0

[Event "34th Chess Olympiad (men)"]
[Site "Istanbul"]
[Date "2000.11.08"]
[Round "11.37.2"]
[White "Gallego Martinez, Ruben"]
[Black "Hernandez, Basante Francisco"]
[WhiteElo "2313"]
[BlackElo "2309"]
[WhiteCountry "AND"]
[BlackCountry "CRC"]
[Result "0-1"]

1. e4 e6 2. d4 d5 3. e5 c5 4. dxc5 Nc6 5. Nf3 Bxc5 6. Bd3 f6 7. Bf4 fxe5 
8. Bxe5 Nf6 9. Bg3 e5 10. Bxe5 Bxf2+ 11. Kxf2 Ng4+ 12. Kg3 Ngxe5 13. Nxe5 Qg5+ 
14. Ng4 O-O 15. Rf1 Rxf1 16. Bxf1 Bxg4 17. Qd2 Qg6 18. Nc3 Rf8 19. h3 Be2+ 
0-1

[Event "34th Chess Olympiad (men)"]
[Site "Istanbul"]
[Date "2000.11.08"]
[Round "11.37.3"]
[White "Bermudez, Sergio"]
[Black "Simonet, Marc"]
[WhiteElo "2185"]
[BlackElo "2295"]
[WhiteCountry "CRC"]
[BlackCountry "AND"]
[Result "1-0"]

1. e4 Nf6 2. e5 Nd5 3. d4 d6 4. c4 Nb6 5. exd6 exd6 6. Bd3 Nc6 7. Be3 Be7 
8. h3 Nb4 9. Nc3 Nxd3+ 10. Qxd3 O-O 11. Nf3 d5 12. b3 dxc4 13. bxc4 c6 
14. Rd1 g6 15. O-O Bf5 16. Qe2 Re8 17. d5 cxd5 18. Bxb6 Qxb6 19. Nxd5 Qc5 
20. Rfe1 Be6 21. Qe5 Rac8 22. h4 Qxc4 23. Nxe7+ Rxe7 24. h5 Qc5 25. Rd8+ 
1-0

[Event "34th Chess Olympiad (men)"]
[Site "Istanbul"]
[Date "2000.11.08"]
[Round "11.37.4"]
[White "Santamaria, V"]
[Black "Trejos, Enrique"]
[WhiteElo "2214"]
[BlackElo "2000"]
[WhiteCountry "AND"]
[BlackCountry "CRC"]
[Result "1-0"]

1. e4 c5 2. d3 Nc6 3. g3 g6 4. Bg2 Bg7 5. Nf3 e6 6. O-O Nge7 7. Re1 O-O 
8. e5 Qc7 9. Qe2 Nf5 10. c3 d5 11. Bf4 d4 12. c4 Qd8 13. Nbd2 h6 14. h4 Kh7 
15. Ne4 Qe7 16. Kh2 f6 17. exf6 Bxf6 18. h5 g5 19. Nxf6+ Qxf6 20. Be5 Qf7 
21. g4 Nfe7 22. Bg3 Qf6 23. Nd2 e5 24. Bxe5 Nxe5 25. Qxe5 Qxe5+ 26. Rxe5 Nc6 
27. Bxc6 Rxf2+ 28. Kg1 Rxd2 29. Be4+ Kg7 30. Re8 
1-0

[Event "34th Chess Olympiad (men)"]
[Site "Istanbul"]
[Date "2000.11.08"]
[Round "11.38.1"]
[White "Dervishi, Erald"]
[Black "David, Alberto"]
[WhiteElo "2478"]
[BlackElo "2487"]
[WhiteCountry "ALB"]
[BlackCountry "LUX"]
[Result "0-1"]

1. e4 c5 2. Nf3 d6 3. d4 cxd4 4. Nxd4 Nf6 5. Nc3 a6 6. Be2 e6 7. a4 Be7 
8. O-O O-O 9. f4 Qc7 10. Kh1 Nc6 11. Be3 Re8 12. Bf3 Bf8 13. Nb3 b6 14. g4 Bb7 
15. g5 Nd7 16. Bg2 Na5 17. Nxa5 bxa5 18. Qe1 Rab8 19. Rd1 d5 20. exd5 Bxd5 
21. Nxd5 exd5 22. Rd2 d4 23. Rxd4 Rxb2 24. Rd5 Re4 25. Qd1 Rxe3 26. Rxd7 Qxc2 
27. Qd5 Re7 28. Rxe7 Bxe7 29. h4 Qxa4 30. h5 Qc2 31. Re1 Qf2 32. Rc1 Re2 
33. Qf3 Qxf3 34. Bxf3 Rf2 35. Bd5 Rxf4 36. g6 hxg6 37. hxg6 Rh4+ 38. Kg2 Rg4+ 
39. Kh3 Rxg6 40. Rc7 Rh6+ 41. Kg4 Rg6+ 42. Kh3 Rd6 43. Bc4 Kf8 44. Ra7 a4 
45. Ra8+ Rd8 46. Rxa6 a3 47. Ra7 g6 48. Kg2 Rd4 
0-1

[Event "34th Chess Olympiad (men)"]
[Site "Istanbul"]
[Date "2000.11.08"]
[Round "11.38.2"]
[White "Wagener, Claude"]
[Black "Adhami, Vangiel"]
[WhiteElo "2210"]
[BlackElo "2310"]
[WhiteCountry "LUX"]
[BlackCountry "ALB"]
[Result "0-1"]

1. e4 c5 2. Nf3 Nc6 3. d4 cxd4 4. Nxd4 Qc7 5. Nc3 e6 6. Be3 a6 7. Bd3 Nf6 
8. O-O b5 9. Nxc6 dxc6 10. a4 b4 11. Nb1 c5 12. Nd2 Bb7 13. Qe2 Be7 14. Bg5 h6 
15. Bh4 O-O 16. Bg3 Qc6 17. Rfe1 Nd7 18. Nc4 a5 19. f4 Nb6 20. b3 Nxc4 
21. Bxc4 Rfd8 22. Bb5 Qb6 23. Bf2 Qc7 24. e5 Rac8 25. Rad1 Ba8 26. Rd3 Qb7 
27. Bg3 Qb6 28. Kf1 Rxd3 29. Bxd3 Bd5 30. Bc4 Bxc4 31. Qxc4 Rd8 32. Bf2 Rd5 
33. Re3 Rd4 34. Qe2 Rxf4 35. Re4 Rxe4 36. Qxe4 Qd8 37. Qd3 Qd5 38. Bg3 Qxd3+ 
39. cxd3 Kf8 40. Ke2 Ke8 41. Kf3 Kd7 42. Ke4 Bg5 43. Bf2 Kc6 44. Bg1 Bd2 
45. Bf2 h5 46. h3 Bc3 47. g4 hxg4 48. hxg4 f6 49. exf6 gxf6 50. Bg3 f5+ 
51. gxf5 exf5+ 52. Kxf5 Kd5 53. Bf2 Bd4 54. Bg3 Be3 55. Be5 Bd2 56. Bc7 Kd4 
57. Bxa5 Kxd3 58. Bb6 c4 59. a5 cxb3 60. a6 b2 61. a7 b1=Q 62. a8=Q Kc4+ 
63. Kf6 Bc3+ 64. Kg5 Qc1+ 65. Kg4 Qd1+ 66. Kg3 Qd6+ 67. Kg4 Qxb6 68. Qg8+ Kd3 
69. Qh7+ Kd2 70. Qh2+ Kc1 71. Qh1+ Kb2 72. Qg2+ Kb3 73. Qd5+ Ka4 74. Qd7+ Qb5 
75. Qa7+ Kb3 76. Qa8 Qe2+ 
0-1

[Event "34th Chess Olympiad (men)"]
[Site "Istanbul"]
[Date "2000.11.08"]
[Round "11.38.3"]
[White "Rama, Lorenc"]
[Black "Brittner, Serge"]
[WhiteElo "2316"]
[BlackElo "2000"]
[WhiteCountry "ALB"]
[BlackCountry "LUX"]
[Result "1/2-1/2"]

1. c4 g6 2. Nc3 Bg7 3. g3 c5 4. Bg2 Nc6 5. d3 e5 6. Nf3 Nge7 7. O-O O-O 
8. Ne1 d6 9. Nc2 Be6 10. Ne3 Qd7 11. a3 Bh3 12. Ned5 Bxg2 13. Kxg2 Nxd5 
14. cxd5 Ne7 15. e4 b5 16. Be3 f5 17. f3 f4 18. Bf2 Rac8 19. g4 Bf6 20. Qe2 Rc7 
21. Rfc1 Rb8 22. Na2 b4 23. axb4 cxb4 24. Rc4 a5 25. Nc1 Ra8 26. Bb6 Rxc4 
27. dxc4 a4 28. c5 dxc5 29. Bxc5 Qb7 30. Qc4 Nc8 31. Bxb4 Nd6 32. Qc5 Be7 
33. Nd3 Rc8 34. Qg1 Rc2+ 35. Kh1 Qb5 36. Qf1 Qc4 37. Bc3 Nxe4 38. Nxe5 Qxf1+ 
39. Rxf1 Nxc3 40. bxc3 Rxc3 41. Rb1 Bd6 42. Nd7 Kf7 43. Rb6 Ke7 44. Nf6 Kxf6 
45. Rxd6+ Ke5 46. Ra6 a3 47. d6 Ke6 48. Kg2 Rc2+ 49. Kh3 a2 50. g5 Kd7 
51. Kg4 Rxh2 52. Kxf4 Rg2 53. Ke4 Rxg5 54. Rxa2 h5 55. f4 Rf5 56. Ra7+ Kxd6 
57. Ra6+ Ke7 58. Rxg6 Ra5 
1/2-1/2

[Event "34th Chess Olympiad (men)"]
[Site "Istanbul"]
[Date "2000.11.08"]
[Round "11.38.4"]
[White "Risch, Michel"]
[Black "Mehmeti, Dritan"]
[WhiteElo "2000"]
[BlackElo "2000"]
[WhiteCountry "LUX"]
[BlackCountry "ALB"]
[Result "0-1"]

1. d4 Nf6 2. c4 c5 3. d5 b5 4. cxb5 a6 5. bxa6 d6 6. Nc3 Bxa6 7. e4 Bxf1 
8. Kxf1 g6 9. g3 Bg7 10. Nf3 Nbd7 11. Kg2 O-O 12. Re1 Ng4 13. Nd2 Nge5 
14. Qe2 Nb6 15. f4 Ned7 16. a4 Bxc3 17. bxc3 Nxa4 18. Ra3 Nab6 19. c4 f6 
20. Nf3 Rxa3 21. Bxa3 Qa8 22. Ra1 Qa4 23. Nd2 Qc2 24. Bc1 Qc3 25. Rb1 Ra8 
26. Qf3 Qc2 27. Qb3 Ra2 28. Qxc2 Rxc2 29. Kf3 Kf7 30. Ke3 Rc3+ 31. Ke2 Nxc4 
32. Nxc4 Rxc4 33. Kd3 Rd4+ 34. Ke3 f5 35. exf5 gxf5 36. Rb7 Nf6 
0-1

[Event "34th Chess Olympiad (men)"]
[Site "Istanbul"]
[Date "2000.11.08"]
[Round "11.39.1"]
[White "Lodhi, Mahmood"]
[Black "Doghri, Nabil"]
[WhiteElo "2438"]
[BlackElo "2342"]
[WhiteCountry "PAK"]
[BlackCountry "TUN"]
[Result "0-1"]

1. d4 Nf6 2. Nf3 c5 3. e3 e6 4. g3 Be7 5. Bg2 O-O 6. O-O Qc7 7. b3 d6 8. c4 Re8 
9. Bb2 Nbd7 10. Nc3 a6 11. Qe2 Bf8 12. Rfd1 Rb8 13. Rac1 b6 14. h3 Bb7 
15. d5 exd5 16. Nxd5 Bxd5 17. cxd5 Qd8 18. Nd2 b5 19. g4 h6 20. Nf1 g6 
21. Ng3 Nh7 22. f4 Bg7 23. Bxg7 Kxg7 24. Bf3 Kg8 25. Kg2 Qf6 26. Qd2 Qe7 
27. Re1 b4 28. Re2 a5 29. h4 a4 30. g5 axb3 31. axb3 Ra8 32. Rh1 Ra3 
33. Qc2 hxg5 34. hxg5 Nxg5 35. fxg5 Qxg5 36. Qc4 Rxe3 37. Rxe3 Qxe3 38. Be2 Ra2 
39. Qg4 Nf6 40. Qc8+ Ne8 41. Qg4 Qxb3 42. Qh4 Qxd5+ 43. Kf2 Qe5 44. Qh7+ Kf8 
45. Re1 b3 46. Kf1 Qf6+ 47. Kg1 b2 48. Bf1 Nc7 49. Ne4 Qd4+ 50. Kh1 b1=Q 
51. Qh6+ Kg8 52. Nf6+ Qxf6 53. Rxb1 Qf3+ 54. Kg1 Qg4+ 
0-1